000 01059cam a2200229 4500
001 ABS64703
008 011030n2001 000 0 eng u
035 _a(Sirsi) u115393
100 _aVivian, J
245 _aTime to get serious
260 _c2001
490 _aProperty Week
_v66(41) 12 October 2001, 102-103(2)
520 _aDiscusses the implications for landlords of two recent cases, "McDonald's Property Co Ltd v HSBC Bank plc" and "Starmark Enterprises v CPL Distribution" which dealt with the issue of whether time is of the essence in rent review clauses. The decisions highlight the importance of clear drafting of rent review clauses, and for landlords to ensure that any notices are served within the timescale provided to avoid any possible problems.
590 _aABS
650 _aRENT REVIEW CLAUSES
650 _aTIME OF THE ESSENCE
650 _aDRAFTING
650 _aMCDONALD'S PROPERTY CO LTD V HSBC BANK
650 _aSTARMARK ENTERPRISES V CPL DISTRIBUTION
690 _aLANDLORD AND TENANT-RENT REVIEWS
942 _n0
999 _c68715
_d68715